| 000 | 00978nam a22003137a 4500 | ||
|---|---|---|---|
| 003 | CHAP | ||
| 005 | 20220329134746.0 | ||
| 008 | 971013s1968 r 00010 d | ||
| 010 | _a25398 | ||
| 011 | _a26370 | ||
| 035 | _a30471 | ||
| 040 | _cCHAP | ||
| 082 |
_a547 _bC65Y 1959 |
||
| 100 | 0 | 0 |
_aConant, James Bryant. _926276 |
| 245 |
_aQuímica de los compuestos orgánicos _b: un curso de química orgánica |
||
| 260 |
_aMadrid : _bAguilar, _c1968 |
||
| 300 | _a687 p. | ||
| 500 | _aTrad. de la 5 ed. en inglés | ||
| 590 |
_aBATCH-UPD _b10 _c20130110 _lUCH01 _h0336 |
||
| 590 |
_aBATCH-UPD _b10 _c20130110 _lUCH01 _h2052 |
||
| 590 |
_aBATCH-UPD _b10 _c20130410 _lUCH01 _h0009 |
||
| 590 |
_aBATCH-UPD _b10 _c20130914 _lUCH01 _h0645 |
||
| 590 |
_aCONVERSION _b10 _c20130109 _lUCH01 _h1315 |
||
| 650 | 1 | 4 |
_aQuímica orgánica. _993598 |
| 700 | 0 |
_aBlatt, Albert Harold. _913145 |
|
| 901 | _aBK | ||
| 942 | _cLIBRO | ||
| 949 |
_a547 C65Y 1959 _bBC _cMUT _d-70747 _eMUT _h34478 _i30471 _si |
||
| 999 |
_c25398 _d25398 |
||